1692 1107 1949 1241 1888 1538 1829 1015 1883 1411 1792 1610 1177 1594 1886 1519 1885 1485 1445 1868 1865 1086 1362 1810 1681 1785 1868 1587 1846 1896 1126 1307 1039 1844 1519 1818 1116 1077 1005 1724 1108 1159 1903 1020 1927 1478 1329 1062 1578 1854 1618 1480 1576 1214 1444 1267 1446 1528 1172 1095 1464 1151 1358 1162 1120 1032 1689 1474 1069 1846 1626 1066 1540 1419 1142 1811 1088 1399 1175 1382 1579 1035 1928 1532 1197 1511 1491 1894 1171 1743 1828 1921 1515 1362 1882 1987 1159 1728 1530 BCNSPRNW ULIB Ver.6.0+V

เปลี่ยนเป็นภาษาไทย

Change to English
 แสดงรายละเอียดบรรณานุกรม
  กลับหน้าหลัก

Brief Record : Get Marc (ISO 2709) : E-mail record : QR code < ปิดหน้าต่าง
LEADER : 00000nam 2200000uu 4500
001    13399124996
003     ULIB
008    160527s2558||||th 000 0 tha d
020    ^a9786163824110
060 04 ^aWO700^bU66
245 00 ^aWound care^n2015 /^cบรรณาธิการ, พรพรหม เมืองแมน, อภิชัย อังสพัทธ์ และ อภิรักษ์ ช่วงสุวนิช
250    ^aพิมพ์ครั้งที่ 1
260    ^aกรุงเทพฯ :^bกรุงเทพเวชสาร,^c2558
300    ^a190 หน้า :^bภาพประกอบ ;^c22 ซม.
650  4 ^aการรักษาบาดแผล
650  4 ^aบาดแผลและบาดเจ็บ
650  4 ^aบาดแผลและบาดเจ็บ^xการพยาบาล
650  4 ^aบาดแผลและบาดเจ็บ^xการรักษา
700 0  ^aพรพรหม เมืองแมน,^eบรรณาธิการ
700 0  ^aอภิชัย อังสพัทธ์,^eบรรณาธิการ
700 0  ^aอภิรักษ์ ช่วงสุวนิช,^eบรรณาธิการ
710 2  ^aชมรมสมานแผลแห่งประเทศไทย
945    ^p350^l0^i23724
945    ^p350^l0^i23725
945    ^p350^l0^i23726
999    ^aทศพร เกษรทอง
รายการนี้ยังไม่มีแท็ก
คุณยังไม่ได้ล็อกอิน คุณสามารถมีกิจกรรมร่วมกับเว็บไซต์ได้ แต่ต้องล็อกอินก่อน ::
  ล็อกอิน

รายการสื่อสารสนเทศ

ลำดับที่ ประเภท เลขเรียก/บาร์โค้ด สถานที่ สถานะ
1. วิทยาศาสตร์การแพทย์ และสุขภาพ
วิทยาศาสตร์การแพทย์ และสุขภาพ
สถานะ=หนังสือเก่า
WO700 U66 ฉ.1 
  Barcode: 23724
ห้องสมุดวิทยาเขตนครสวรรค์
►ส่วนจัดเก็บหนังสือเก่า นว.
บนชั้น
  ขอยืม
2. วิทยาศาสตร์การแพทย์ และสุขภาพ
วิทยาศาสตร์การแพทย์ และสุขภาพ
สถานะ=หนังสือเก่า
WO700 U66 ฉ.2 
  Barcode: 23725
ห้องสมุดวิทยาเขตนครสวรรค์
►ส่วนจัดเก็บหนังสือเก่า นว.
บนชั้น
  ขอยืม
3. วิทยาศาสตร์การแพทย์ และสุขภาพ
วิทยาศาสตร์การแพทย์ และสุขภาพ
สถานะ=หนังสือเก่า
WO700 U66 ฉ.3 
  Barcode: 23726
ห้องสมุดวิทยาเขตนครสวรรค์
►ส่วนจัดเก็บหนังสือเก่า นว.
บนชั้น
  ขอยืม

รายการใกล้เคียง
    หัวเรื่อง [การรักษาบาดแผล]
    หัวเรื่อง [บาดแผลและบาดเจ็บ]

BibComment


ยังไม่เคยถูกคอมเมนท์

คอมเมนท์ทรัพยากรรายการนี้
  คอมเมนท์: Wound care 2015 ..


 Copyright 2026. Bcnsprnw @Library